000 00483nam a2200145 i 4500
001 bg
100 1 _aTYSZKA, Tadeusz
245 0 _aKonflikty i strategie :
_bniektóre zastosowania teorii gier /
_cTadeusz Tyszka.
260 _aWarszawa :
_bWydawnictwa Naukowo-Techniczne,
_c1978.
040 _cBPK
041 _apol
942 _cKS
008 s pl f |000 0 pol
856 _uhttp://koha.tu.koszalin.pl/cgi-bin/koha/opac-detail.pl?biblionumber=9695
_yKatalog online BPK
999 _c9695
_d9695